Плутонические породы. Петрография и геологическое положение: пер. с фр.

Podrobná bibliografie
Hlavní autor: Раген Э.
Další autoři: Богданов А. А. (редактор), Шульц мл. С. С. (переводчик)
Jazyk:ruština
Vydáno: Москва, Мир, 1972
Témata:
Médium: MixedMaterials Kniha
KOHA link:https://koha.lib.tpu.ru/cgi-bin/koha/opac-detail.pl?biblionumber=136854

MARC

LEADER 00000nam0a2200000 4500
001 136854
005 20231031140816.0
035 |a (RuTPU)RU\TPU\book\148334 
090 |a 136854 
100 |a 20080429d1972 k y0rusy50 ca 
101 1 |a rus  |c fre 
102 |a RU 
105 |a a z 001zy 
200 1 |a Плутонические породы. Петрография и геологическое положение  |e пер. с фр.  |f Э. Раген  |g под ред. и с предисл. А. А. Богданова; пер. С. С. Шульц мл. 
210 |a Москва  |c Мир  |d 1972 
215 |a 255 с.  |c ил. 
320 |a Библиогр.: с. 246-254. 
610 1 |a горные породы 
610 1 |a интрузивные породы 
610 1 |a плутонические породы 
610 1 |a петрография 
610 1 |a геологическое положение 
675 |a 552.31/33  |v 3 
700 1 |a Раген  |b Э. 
702 1 |a Богданов  |b А. А.  |4 340 
702 1 |a Шульц мл.  |b С. С.  |4 730 
801 1 |a RU  |b 63413507  |c 20080429  |g PSBO 
801 2 |a RU  |b 63413507  |c 20141110  |g PSBO 
942 |c BK